[Event "53rd Rilton Cup 2025-26"]
[Site "Stockholm SWE"]
[Date "2026.01.04"]
[Round "8.3"]
[White "Siva, Mahadevan"]
[Black "Sengupta, Deep"]
[Result "1-0"]
[WhiteTitle "IM"]
[BlackTitle "GM"]
[WhiteElo "2427"]
[BlackElo "2479"]
[WhiteFideId "25043153"]
[BlackFideId "5008352"]
[EventDate "2025.12.27"]

1. e4 e6 2. d4 d5 3. e5 c5 4. c3 Nc6 5. Nf3 Bd7 6. Be2 Rc8 7. O-O a6 8. Nbd2
cxd4 9. cxd4 Qb6 10. Nb3 Nb4 11. Bd2 Ba4 12. Rc1 Ra8 13. Bxb4 Bxb4 14. Bd3 Ne7
15. Bc2 Nc6 16. a3 Be7 17. h4 Rc8 18. Re1 O-O 19. Re3 Rc7 20. Ng5 g6 21. Nf3
Rfc8 22. Rc3 Bb5 23. Qd2 a5 24. Qf4 Bc4 25. Bd1 Na7 26. Nfd2 Bf8 27. Nxc4 Rxc4
28. Rf3 R4c7 29. a4 Nc6 30. Rcc3 Nd8 31. h5 Qb4 32. Rce3 Qxa4 33. Kh2 Qb4 34.
hxg6 hxg6 35. Rh3 Bg7 36. Rh4 a4 37. Reh3 axb3 38. Qf6 1-0

[Event "53rd Rilton Cup 2025-26"]
[Site "Stockholm SWE"]
[Date "2026.01.04"]
[Round "8.4"]
[White "Dai, Changren"]
[Black "Sai, Krishna G V"]
[Result "1-0"]
[WhiteTitle "GM"]
[BlackTitle "IM"]
[WhiteElo "2551"]
[BlackElo "2415"]
[WhiteFideId "8608156"]
[BlackFideId "5028280"]
[EventDate "2025.12.27"]

1. d4 Nf6 2. c4 g6 3. Nc3 Bg7 4. e4 d6 5. Nf3 O-O 6. Be2 e5 7. d5 Nbd7 8. Be3
Ng4 9. Bg5 f6 10. Bh4 h5 11. Nd2 Nh6 12. f3 g5 13. Bf2 f5 14. exf5 Nxf5 15. Nde4
b6 16. Qd2 Bh6 17. g4 Nd4 18. h4 hxg4 19. hxg5 Bg7 20. fxg4 Nc5 21. Be3 Qe7 22.
Nxc5 bxc5 23. Ne4 Rb8 24. O-O-O Rf4 25. Bd3 Nf3 26. Qf2 Bxg4 27. Bxf4 exf4 28.
Nf6+ Bxf6 29. gxf6 Qxf6 30. Rhg1 Nxg1 31. Rxg1 Qg5 32. Qg2 f3+ 33. Qd2 Qg7 34.
Bf5 Bxf5 35. Rxg7+ Kxg7 36. Qc3+ Kg6 37. Qxf3 Re8 38. Qg3+ Kf6 39. Qc3+ Re5 40.
Qa5 Re2 41. Qxc7 Rc2+ 42. Kd1 Rxc4 43. Qxd6+ Kg5 44. b3 Rc2 45. Qe5 Rxa2 46. d6
Kg6 47. Qxc5 Ra6 48. Qd4 Bd7 49. Qd3+ Kf6 50. Qxa6 1-0

[Event "53rd Rilton Cup 2025-26"]
[Site "Stockholm SWE"]
[Date "2026.01.04"]
[Round "8.5"]
[White "Heberla, Bartlomiej"]
[Black "Zhalmakhanov, Ramazan"]
[Result "1-0"]
[WhiteTitle "GM"]
[BlackTitle "GM"]
[WhiteElo "2508"]
[BlackElo "2454"]
[WhiteFideId "1115120"]
[BlackFideId "13706357"]
[EventDate "2025.12.27"]

1. d4 Nf6 2. c4 e6 3. Nc3 Bb4 4. e3 O-O 5. Bd2 d5 6. Nf3 b6 7. cxd5 exd5 8. Rc1
Bb7 9. Bd3 Be7 10. Ne5 c5 11. O-O Nc6 12. Be1 a6 13. f3 b5 14. Bb1 Rc8 15. a3
Re8 16. Kh1 Na5 17. Bf5 Rc7 18. Nxb5 axb5 19. Bxa5 Bd6 20. f4 c4 21. Qf3 Qe7 22.
Bxc7 Qxc7 23. Ng4 Ne4 24. Qh3 h6 25. Ne5 Bc8 26. Bxc8 Rxc8 27. Ng4 Re8 28. Rc2
Qa5 29. Qh5 Qa8 30. Re2 c3 31. bxc3 Nxc3 32. Rc2 Qxa3 33. f5 Bf8 34. Ne5 Re7 35.
f6 gxf6 36. Ng4 Re6 37. Rcf2 Ne4 38. Rf4 b4 39. Qxd5 Qd3 40. Qb7 Bg7 41. Qb8+
Kh7 42. d5 Qxd5 43. Qxb4 Qd3 44. Qd4 Qc2 45. Nf2 f5 46. Qd5 Be5 47. Nxe4 Bxf4
48. Qxf5+ Kh8 49. Qxf7 Rxe4 50. Qf8+ Kh7 51. Qf7+ Kh8 52. Qf6+ Kh7 53. Qf5+ Kh8
54. exf4 Qe2 55. Qc8+ Kh7 56. Qc7+ Kg8 57. Qc1 Rc4 58. Qb1 Rc2 59. Qb8+ Kg7 60.
Qb7+ Kf6 61. Rb1 Qc4 62. Qb6+ Kg7 63. Qe3 Qd5 64. Qg3+ Kf7 65. h3 Qe4 66. Re1
Qd5 67. Kh2 Qd4 68. Qb3+ Rc4 69. Qb7+ Kg6 70. Re6+ 1-0

[Event "53rd Rilton Cup 2025-26"]
[Site "Stockholm SWE"]
[Date "2026.01.04"]
[Round "8.6"]
[White "Baenziger, Fabian"]
[Black "Raczek, Krzysztof"]
[Result "0-1"]
[WhiteTitle "IM"]
[BlackTitle "IM"]
[WhiteElo "2451"]
[BlackElo "2489"]
[WhiteFideId "1330110"]
[BlackFideId "21005303"]
[EventDate "2025.12.27"]

1. d4 Nf6 2. c4 g6 3. Nf3 Bg7 4. g3 d5 5. Bg2 dxc4 6. Qa4+ Nc6 7. O-O O-O 8. Rd1
Be6 9. Nc3 Nd5 10. Bf4 Ncb4 11. Rac1 c6 12. Ne4 Bf5 13. Ne1 b5 14. Qa3 Qb6 15.
e3 a5 16. Nd2 Rfd8 17. Be4 Bg4 18. Bf3 Bf5 19. Be4 e6 20. Bxf5 exf5 21. Ndf3 Bf8 0-1

[Event "53rd Rilton Cup 2025-26"]
[Site "Stockholm SWE"]
[Date "2026.01.04"]
[Round "8.7"]
[White "Dotzer, Lukas"]
[Black "Delgerdalai, Bayarjavkhlan"]
[Result "1-0"]
[WhiteTitle "IM"]
[BlackTitle "FM"]
[WhiteElo "2478"]
[BlackElo "2376"]
[WhiteFideId "1666975"]
[BlackFideId "23727276"]
[EventDate "2025.12.27"]

1. e4 e5 2. Nf3 Nc6 3. Bb5 Nf6 4. d3 Bc5 5. c3 O-O 6. O-O d6 7. Re1 h6 8. d4 Bb6
9. h3 Bd7 10. a4 a6 11. Bxc6 Bxc6 12. Qc2 exd4 13. cxd4 d5 14. e5 Ne4 15. a5 Ba7
16. Nc3 Qe7 17. Be3 Rad8 18. Ne2 f5 19. exf6 Rxf6 20. Ne5 Qf8 21. f3 Nd6 22. Ng3
Nc4 23. Bf2 Bb5 24. Nh5 Rfd6 25. Ng6 Qf7 26. Re7 Qxg6 27. Rxg7+ Qxg7 28. Nxg7
Kxg7 29. b3 Re8 30. bxc4 Bxc4 31. Rd1 Rf6 32. Kh2 Re2 33. Rd2 Rxf2 34. Rxf2 Bxd4
35. f4 Bxf2 36. Qxf2 b5 37. axb6 cxb6 38. f5 a5 39. Qg3+ Kf7 40. Qc7+ Kg8 41. g4
a4 42. Qd8+ Kg7 43. Qd7+ Kg8 44. Qxa4 b5 45. Qa8+ Kg7 46. Qa7+ Kg8 47. Qe7 Rf7
48. Qe8+ Kg7 49. Qe5+ Kg8 50. h4 Bd3 51. Qxd5 Bc2 52. Qc6 Bd1 53. Qxh6 Bxg4 54.
Qg6+ Rg7 55. Qe8+ Kh7 56. f6 1-0

[Event "53rd Rilton Cup 2025-26"]
[Site "Stockholm SWE"]
[Date "2026.01.04"]
[Round "8.8"]
[White "Hillarp Persson, Tiger"]
[Black "Cieslak, Patryk"]
[Result "1/2-1/2"]
[WhiteTitle "GM"]
[BlackTitle "IM"]
[WhiteElo "2428"]
[BlackElo "2477"]
[WhiteFideId "1700812"]
[BlackFideId "21078882"]
[EventDate "2025.12.27"]

1. Nf3 d5 2. g3 Nf6 3. Bg2 e6 4. O-O Bd6 5. c4 O-O 6. d4 Nc6 7. a3 dxc4 8. Nbd2
Na5 9. Qa4 b6 10. Nxc4 Nxc4 11. Qxc4 Bb7 12. Bg5 h6 13. Bxf6 Qxf6 14. Nd2 Bxg2
15. Kxg2 c5 16. Ne4 Qe7 17. dxc5 Bxc5 18. b4 Bd6 19. Rad1 Rfd8 20. Rd3 Qb7 21.
f3 b5 22. Qb3 Be7 23. Rfd1 Rxd3 24. Rxd3 Qc6 25. Rc3 Qb6 26. Qc2 Bf8 27. Rc6 Qe3
28. Rc3 Qb6 29. Rc6 Qe3 30. Rc3 Qb6 1/2-1/2

[Event "53rd Rilton Cup 2025-26"]
[Site "Stockholm SWE"]
[Date "2026.01.04"]
[Round "8.9"]
[White "Willow, Jonah B"]
[Black "Das, Sayantan"]
[Result "0-1"]
[WhiteTitle "IM"]
[BlackTitle "GM"]
[WhiteElo "2473"]
[BlackElo "2434"]
[WhiteFideId "438804"]
[BlackFideId "5034426"]
[EventDate "2025.12.27"]

1. c4 Nf6 2. Nc3 g6 3. e4 d6 4. d4 Bg7 5. Be2 O-O 6. Be3 a5 7. Nf3 Bg4 8. O-O
Na6 9. Ne1 Bxe2 10. Qxe2 e5 11. d5 Nd7 12. Nd3 f5 13. f3 f4 14. Bf2 g5 15. a3
Nac5 16. Nxc5 Nxc5 17. Qc2 g4 18. fxg4 Qg5 19. Bxc5 dxc5 20. Qe2 Rf7 21. Rad1
Bf8 22. Rd3 Bd6 23. Nd1 Rg7 24. Nf2 h5 25. h4 Qxh4 26. Rh3 Qf6 27. Rxh5 Rh7 28.
Qf3 Rf8 29. Kh2 Rxh5+ 30. gxh5 Kh8 31. Kg1 Qg5 32. Qh3 Rg8 33. Nd3 b5 34. b3 a4
35. Ne1 axb3 36. Qxb3 bxc4 37. Qxc4 Qg3 38. Qd3 Qg4 39. Rf3 Rb8 40. Rh3 Rb2 41.
Qf3 Qd7 42. Kh2 c4 43. Qc3 Re2 44. h6 Kh7 45. Nf3 Qg4 46. Nh4 Rf2 47. Qe1 Ra2
48. Qb1 Re2 49. Qf1 c3 50. Nf5 c2 51. Rc3 Rd2 52. a4 f3 53. Rxf3 c1=Q 0-1

[Event "53rd Rilton Cup 2025-26"]
[Site "Stockholm SWE"]
[Date "2026.01.04"]
[Round "8.10"]
[White "Xie, Kaifan"]
[Black "Rozentalis, Eduardas"]
[Result "1-0"]
[WhiteTitle "IM"]
[BlackTitle "GM"]
[WhiteElo "2426"]
[BlackElo "2461"]
[WhiteFideId "8619107"]
[BlackFideId "12800023"]
[EventDate "2025.12.27"]

1. d4 Nf6 2. c4 e6 3. Nc3 Bb4 4. Qc2 d5 5. cxd5 Qxd5 6. e3 c5 7. Bd2 Bxc3 8.
bxc3 O-O 9. Nf3 b6 10. c4 Qc6 11. Be2 Bb7 12. O-O Nbd7 13. Rfc1 Rac8 14. Qb2 Qe4
15. Be1 cxd4 16. exd4 Nh5 17. Rc3 Nf4 18. Bf1 Qf5 19. Re3 Rfd8 20. d5 Nc5 21.
Nd4 Qh5 22. Rg3 Ng6 23. dxe6 Nxe6 24. Nxe6 fxe6 25. Bc3 e5 26. Be2 Qh6 27. Bg4
Rc7 28. Be6+ Kh8 29. Re1 Re7 30. Bf5 Nh4 31. Bc2 Rde8 32. f3 Qh5 33. Bb4 Rd7 34.
Ba4 Rdd8 35. Bxe8 Rxe8 36. Bc3 Ng6 37. Qb5 Re7 38. Bb4 1-0

[Event "53rd Rilton Cup 2025-26"]
[Site "Stockholm SWE"]
[Date "2026.01.04"]
[Round "8.11"]
[White "Makkar, Rajat"]
[Black "Hammer, Jon Ludvig"]
[Result "1-0"]
[WhiteTitle "IM"]
[BlackTitle "GM"]
[WhiteElo "2396"]
[BlackElo "2606"]
[WhiteFideId "36016810"]
[BlackFideId "1503707"]
[EventDate "2025.12.27"]

1. e4 c6 2. d4 d5 3. e5 Bf5 4. Nf3 e6 5. Be2 a5 6. O-O a4 7. c3 Nd7 8. Nbd2 h6
9. Ne1 Ne7 10. h4 c5 11. h5 Nc6 12. g4 Bh7 13. Ndf3 g6 14. hxg6 Bxg6 15. Ng2 Rg8
16. Be3 h5 17. Nfh4 hxg4 18. Nxg6 Rxg6 19. Bxg4 cxd4 20. cxd4 Qb6 21. Bh5 Rg7
22. Rc1 Ne7 23. Bg4 Nc6 24. Bh5 Be7 25. f4 a3 26. b4 Nf8 27. b5 Na5 28. f5 exf5
29. Rxf5 Nc4 30. Qf3 Qe6 31. Rxc4 Ng6 32. Rc7 Nh4 33. Bxf7+ Kd8 34. Bxe6 Nxf3+
35. Rxf3 Kxc7 36. Bxd5 Kb6 37. Rf7 Rxf7 38. Bxf7 Rf8 39. Bb3 Kxb5 40. d5 Bc5 41.
d6 1-0

[Event "53rd Rilton Cup 2025-26"]
[Site "Stockholm SWE"]
[Date "2026.01.04"]
[Round "8.12"]
[White "Meshkovs, Nikita"]
[Black "Ruiz Buendia, Miguel"]
[Result "1-0"]
[WhiteTitle "GM"]
[BlackTitle "FM"]
[WhiteElo "2561"]
[BlackElo "2370"]
[WhiteFideId "11602740"]
[BlackFideId "24537675"]
[EventDate "2025.12.27"]

1. d4 d5 2. Nf3 Nf6 3. c3 e6 4. Bg5 Be7 5. Nbd2 O-O 6. e3 b6 7. Bd3 Bb7 8. Ne5
Nbd7 9. Qa4 h6 10. Bxf6 Nxf6 11. f4 c5 12. O-O Bd6 13. Rae1 Re8 14. Qd1 a5 15.
Qf3 Ba6 16. Bxa6 Rxa6 17. g4 Qe7 18. Re2 b5 19. Rg2 Nh7 20. g5 hxg5 21. fxg5
Nxg5 22. Qh5 Bxe5 23. dxe5 Nh7 24. Rf4 1-0

[Event "53rd Rilton Cup 2025-26"]
[Site "Stockholm SWE"]
[Date "2026.01.04"]
[Round "8.13"]
[White "Bauer, Christian"]
[Black "Falkevall, Axel"]
[Result "1-0"]
[WhiteTitle "GM"]
[BlackTitle "FM"]
[WhiteElo "2552"]
[BlackElo "2365"]
[WhiteFideId "603767"]
[BlackFideId "1735560"]
[EventDate "2025.12.27"]

1. d4 Nf6 2. Nf3 g6 3. Nbd2 Bg7 4. e4 O-O 5. Bd3 d6 6. O-O Nc6 7. c3 e5 8. Re1
a5 9. h3 exd4 10. cxd4 Nd7 11. d5 Nce5 12. Bf1 Nxf3+ 13. Nxf3 Re8 14. Bb5 Rf8
15. Bg5 Bf6 16. Bh6 Bg7 17. Bxg7 Kxg7 18. Rc1 f6 19. a3 Ne5 20. Nd4 g5 21. Rc3
Kh8 22. Qc2 c5 23. dxc6 bxc6 24. Nxc6 Qb6 25. a4 Bd7 26. Nxe5 Bxb5 27. Nc4 Bxc4
28. Rxc4 Rab8 29. Re2 Rfe8 30. Rd2 Qb3 31. Qxb3 Rxb3 32. Rxd6 Rxb2 33. Rxf6 Rb4
34. Rc7 Rbxe4 35. Rff7 Rh4 36. Kh2 Kg8 37. Rg7+ Kh8 38. Rxg5 Rxa4 39. Rh5 1-0

[Event "53rd Rilton Cup 2025-26"]
[Site "Stockholm SWE"]
[Date "2026.01.04"]
[Round "8.14"]
[White "Fecker, Noah"]
[Black "Seemann, Jakub"]
[Result "0-1"]
[WhiteTitle "FM"]
[BlackTitle "GM"]
[WhiteElo "2365"]
[BlackElo "2507"]
[WhiteFideId "1334263"]
[BlackFideId "21874697"]
[EventDate "2025.12.27"]

1. e4 c5 2. Nf3 d6 3. Bb5+ Nd7 4. c4 Nf6 5. Nc3 e6 6. O-O Be7 7. d4 cxd4 8. Nxd4
O-O 9. Ba4 Qc7 10. Qe2 a6 11. f4 Nb6 12. Bb3 e5 13. Nf5 Bxf5 14. exf5 Rfe8 15.
fxe5 dxe5 16. Bg5 Rac8 17. Bxf6 Bxf6 18. Ne4 Nd7 19. Ba4 Red8 20. Bxd7 Rxd7 21.
b3 Rcd8 22. Rad1 Qb6+ 23. Kh1 Rxd1 24. Rxd1 Rxd1+ 25. Qxd1 Qe3 26. Nxf6+ gxf6
27. g4 Qe4+ 28. Kg1 h5 29. h3 h4 30. Qd2 a5 31. Qf2 Qd3 32. Qxh4 Qb1+ 33. Kf2
Qxa2+ 34. Ke1 Qb1+ 35. Kd2 Qb2+ 36. Ke1 Qc3+ 37. Kf2 e4 38. Qg3 Qd2+ 39. Kg1 Kf8
40. Kf1 e3 41. Qf3 Qd3+ 42. Ke1 Qxb3 43. Qd5 Kg7 44. Qd4 a4 45. g5 Qb4+ 46. Kf1
Qd2 47. gxf6+ Kf8 48. Qc5+ Kg8 0-1

[Event "53rd Rilton Cup 2025-26"]
[Site "Stockholm SWE"]
[Date "2026.01.04"]
[Round "8.15"]
[White "Blomqvist, Erik"]
[Black "Hari, Madhavan N B"]
[Result "1/2-1/2"]
[WhiteTitle "GM"]
[BlackTitle "IM"]
[WhiteElo "2490"]
[BlackElo "2363"]
[WhiteFideId "1709437"]
[BlackFideId "25054309"]
[EventDate "2025.12.27"]

1. e4 e6 2. d4 d5 3. Nc3 dxe4 4. Nxe4 Nd7 5. Nf3 Ngf6 6. Nxf6+ Nxf6 7. g3 b6 8.
Bb5+ Bd7 9. a4 a6 10. Be2 Bc6 11. O-O Bd6 12. c4 O-O 13. Be3 Be4 14. Nd2 Bg6 15.
a5 e5 16. dxe5 Bxe5 17. Bf3 Rb8 18. axb6 cxb6 19. Rxa6 Bxb2 20. Qb3 Bd4 21. Bxd4
Qxd4 22. Rd1 Qd3 23. Qxd3 Bxd3 24. Re1 h6 25. Re7 Rbc8 26. Rxb6 Bxc4 27. Nxc4
Rxc4 28. Rbb7 Rcc8 29. Kg2 Rce8 30. Rec7 Rc8 31. Re7 Rce8 1/2-1/2

[Event "53rd Rilton Cup 2025-26"]
[Site "Stockholm SWE"]
[Date "2026.01.04"]
[Round "8.16"]
[White "Bronstein, Or"]
[Black "Riehle, Marco"]
[Result "0-1"]
[WhiteTitle "IM"]
[BlackTitle "FM"]
[WhiteElo "2470"]
[BlackElo "2363"]
[WhiteFideId "2815770"]
[BlackFideId "12904392"]
[EventDate "2025.12.27"]

1. d4 d5 2. c4 e6 3. Nc3 Nf6 4. cxd5 Nxd5 5. e4 Nxc3 6. bxc3 c5 7. Rb1 Be7 8.
Nf3 O-O 9. h4 b6 10. h5 h6 11. Rh3 Nd7 12. Rg3 Kh8 13. Qd2 Rg8 14. Qf4 Qf8 15.
Bd3 cxd4 16. cxd4 e5 17. dxe5 Nc5 18. Be2 Ne6 19. Qe3 Bc5 20. Qb3 Qe7 21. Bc4
Nd4 22. Nxd4 Bxd4 23. Bd5 Rb8 24. Bb2 Bxe5 25. Rf3 Rf8 26. Ba3 Bd6 27. Bxd6 Qxd6
28. Qa3 Qd8 29. Kf1 Bg4 30. Rg3 Bxh5 31. Qxa7 Qf6 32. Kg1 Kh7 33. Rgb3 Rfc8 34.
Rf1 Bg6 35. Rf3 Qe5 36. Qa4 f6 37. Rg3 Rc7 38. Qb4 Rc5 39. f4 Qd6 40. Qb2 Re8
41. Qd2 Bf7 42. Qd3 Qe7 43. Rb1 Kh8 44. Bxf7 Qxf7 45. Rxb6 Qxa2 46. e5 Rc1+ 47.
Kh2 Qa1 48. Kh3 Rh1+ 49. Kg4 fxe5 50. Re3 Qg1 51. Rxe5 Rf8 52. Rb2 Rh4+ 53. Kxh4
Qh2+ 54. Qh3 Qxf4+ 55. Qg4 Qh2+ 56. Qh3 Qxe5 0-1

[Event "53rd Rilton Cup 2025-26"]
[Site "Stockholm SWE"]
[Date "2026.01.04"]
[Round "8.17"]
[White "Moksh, Amit Doshi"]
[Black "Gschnitzer, Adrian"]
[Result "1/2-1/2"]
[WhiteTitle "IM"]
[BlackTitle "IM"]
[WhiteElo "2363"]
[BlackElo "2420"]
[WhiteFideId "25064967"]
[BlackFideId "1270337"]
[EventDate "2025.12.27"]

1. c4 c5 2. Nf3 Nf6 3. Nc3 Nc6 4. d4 cxd4 5. Nxd4 e6 6. Bf4 d5 7. cxd5 Nxd5 8.
Nxc6 bxc6 9. Bd2 Bb4 10. a3 Nxc3 11. Qc2 Nxe2 12. Bxb4 Nd4 13. Qc3 Qd5 14. Bd3
Bb7 15. Rd1 O-O-O 16. O-O Kb8 17. f3 Qb3 18. Qc1 Qxd3 19. Rxd3 Ne2+ 20. Kf2 Nxc1
21. Rxd8+ Rxd8 22. Rxc1 Rd5 23. Rc2 Kc7 24. Bf8 g6 25. Ke3 e5 26. f4 exf4+ 27.
Kxf4 Bc8 28. Bb4 a5 29. Bc3 a4 30. Rd2 Rf5+ 31. Ke3 Be6 32. Rd4 Bb3 33. Rh4 h5
34. Rf4 Rg5 35. g3 Kb6 36. Re4 Rd5 37. Rd4 1/2-1/2

[Event "53rd Rilton Cup 2025-26"]
[Site "Stockholm SWE"]
[Date "2026.01.04"]
[Round "8.18"]
[White "Daakshin, Arun"]
[Black "Kurmann, Oliver"]
[Result "1-0"]
[WhiteTitle "FM"]
[BlackTitle "IM"]
[WhiteElo "2274"]
[BlackElo "2409"]
[WhiteFideId "366195016"]
[BlackFideId "1308173"]
[EventDate "2025.12.27"]

1. d4 d5 2. c4 e6 3. Nc3 Nf6 4. Bg5 Be7 5. Nf3 h6 6. Bxf6 Bxf6 7. e3 O-O 8. Rc1
c6 9. h4 g6 10. h5 g5 11. Bd3 Nd7 12. Bb1 Bg7 13. cxd5 exd5 14. Ne2 Re8 15. Ng3
Nf6 16. Ne5 Ne4 17. O-O Bxe5 18. dxe5 Nxg3 19. fxg3 Rxe5 20. Qd3 Re4 21. Qc3 Bg4
22. Bxe4 dxe4 23. Rf6 Qd3 24. Qe5 Qd5 25. Qe7 Kg7 26. Rg6+ Kh7 27. Rf1 Bxh5 28.
Rxf7+ Kxg6 29. Qf6# 1-0

[Event "53rd Rilton Cup 2025-26"]
[Site "Stockholm SWE"]
[Date "2026.01.04"]
[Round "8.19"]
[White "Harshit, Ranjan Sahu"]
[Black "Jain, Kashish Manoj"]
[Result "0-1"]
[WhiteTitle "CM"]
[BlackTitle "IM"]
[WhiteElo "2265"]
[BlackElo "2396"]
[WhiteFideId "25638815"]
[BlackFideId "35081098"]
[EventDate "2025.12.27"]

1. e4 c5 2. Nf3 Nc6 3. Bb5 Nf6 4. e5 Nd5 5. Nc3 a6 6. Bxc6 dxc6 7. Ne4 Bf5 8.
Nxc5 b6 9. Nb3 c5 10. d3 e6 11. O-O h6 12. Nbd2 Qc7 13. Qe2 O-O-O 14. a4 Nb4 15.
Ne4 g5 16. a5 b5 17. Bd2 Nc6 18. Rfe1 g4 19. Nd6+ Rxd6 20. exd6 gxf3 21. Qxf3
Bxd6 22. c3 Kb8 23. b4 cxb4 24. d4 bxc3 25. Bxc3 Rc8 26. d5 Ne5 27. Bxe5 Bxe5
28. Rad1 Bxh2+ 29. Kh1 Bd6 30. g4 Bc2 31. Rc1 Qb7 32. Re2 Ba4 33. Rxc8+ Kxc8 34.
Qc3+ Kb8 35. Qh8+ Ka7 36. Qd4+ Kb8 37. Kg1 e5 38. Rxe5 Bxe5 39. Qxe5+ Qc7 40. d6
Qd7 41. Qd4 Qd8 42. Qf4 b4 43. Qxb4+ Bb5 44. Qf4 Qxa5 45. d7+ Kb7 46. Qxf7 Qd8
47. Qf3+ Bc6 48. Qb3+ Kc7 49. Qg3+ Kb7 50. Qb3+ Kc7 51. Qg3+ Kxd7 52. Qd3+ Kc7 0-1

[Event "53rd Rilton Cup 2025-26"]
[Site "Stockholm SWE"]
[Date "2026.01.04"]
[Round "8.20"]
[White "Vincenti, Leonardo"]
[Black "Ghasi, Ameet K"]
[Result "0-1"]
[WhiteTitle "FM"]
[BlackTitle "GM"]
[WhiteElo "2297"]
[BlackElo "2500"]
[WhiteFideId "28550820"]
[BlackFideId "409200"]
[EventDate "2025.12.27"]

1. e4 g6 2. d4 Bg7 3. Nc3 d6 4. Be3 a6 5. Qd2 b5 6. f3 Nf6 7. O-O-O Nbd7 8. Bh6
Bxh6 9. Qxh6 e6 10. h4 Bb7 11. Nh3 Qe7 12. Nf4 O-O-O 13. h5 Ng8 14. Qg7 Qg5 15.
Qxh8 Nh6 16. Qxd8+ Kxd8 17. Ne2 Ke7 18. hxg6 hxg6 19. Kb1 Ng8 20. g3 b4 21. Bg2
a5 22. Nd3 Qb5 23. Rde1 Ngf6 24. g4 a4 25. d5 e5 26. Ndc1 a3 27. b3 Ba6 28. Rh8
Qc5 29. Rhh1 Qf2 30. Rhg1 Bxe2 31. Nxe2 Qe3 32. Rgf1 Qd2 33. Bh3 Nh7 34. g5 Nc5
35. Bg4 Nxg5 36. f4 Ngxe4 37. fxe5 dxe5 38. d6+ cxd6 39. Rd1 Nc3+ 40. Nxc3 Qxc3 0-1

[Event "53rd Rilton Cup 2025-26"]
[Site "Stockholm SWE"]
[Date "2026.01.04"]
[Round "8.21"]
[White "Sardana, Rishi"]
[Black "Kavutskiy, Kostya"]
[Result "1-0"]
[WhiteTitle "IM"]
[BlackTitle "IM"]
[WhiteElo "2459"]
[BlackElo "2354"]
[WhiteFideId "25004301"]
[BlackFideId "2026384"]
[EventDate "2025.12.27"]

1. e4 d6 2. d4 Nf6 3. Bd3 e5 4. Nf3 Nbd7 5. c3 Be7 6. O-O O-O 7. Re1 c6 8. Nbd2
Re8 9. Nf1 Qc7 10. Ng3 Bf8 11. h3 h6 12. Be3 g6 13. Qd2 Kh7 14. a4 b6 15. b4 a5
16. Qa2 Kg8 17. Qd2 Kh7 18. Bc2 axb4 19. cxb4 c5 20. dxc5 dxc5 21. b5 Bb7 22.
Bb3 Re7 23. Qa2 Nxe4 24. Nxe4 Bxe4 25. Nd2 Nf6 26. Bxc5 Qxc5 27. Nxe4 Nxe4 28.
Rxe4 Kg7 29. Rc4 Qd6 30. Rc6 Qb8 31. Rd1 Raa7 32. Qc2 Red7 33. Rxd7 Rxd7 34.
Bxf7 Rd6 35. Bxg6 1-0

[Event "53rd Rilton Cup 2025-26"]
[Site "Stockholm SWE"]
[Date "2026.01.05"]
[Round "9.1"]
[White "Xu, Xiangyu"]
[Black "Siva, Mahadevan"]
[Result "1/2-1/2"]
[WhiteTitle "GM"]
[BlackTitle "IM"]
[WhiteElo "2601"]
[BlackElo "2427"]
[WhiteFideId "8608288"]
[BlackFideId "25043153"]
[EventDate "2025.12.27"]

1. d4 d5 2. Nf3 Nf6 3. c4 c6 4. cxd5 cxd5 5. Nc3 Nc6 6. Bf4 Bf5 7. e3 e6 8. Bd3
Bxd3 9. Qxd3 Bd6 10. Bxd6 Qxd6 11. O-O O-O 12. h3 h6 13. Rfc1 Rfc8 14. a3 a6 15.
Nd2 Nd7 16. Rc2 Rc7 17. Rac1 Rac8 18. Ne2 Ne7 19. Rxc7 Rxc7 20. Rxc7 Qxc7 21.
Qc3 Qxc3 22. Nxc3 Nc6 23. Kf1 Kf8 24. Ke2 Ke7 25. Nf3 Nf6 26. Nd2 Nd7 27. Nf3
Nf6 28. Kd3 Kd6 29. Nd2 Nd7 30. Nf3 Nf6 31. Nd2 Nd7 32. Nf3 Nf6 1/2-1/2

[Event "53rd Rilton Cup 2025-26"]
[Site "Stockholm SWE"]
[Date "2026.01.05"]
[Round "9.2"]
[White "Demchenko, Anton"]
[Black "Heberla, Bartlomiej"]
[Result "1/2-1/2"]
[WhiteTitle "GM"]
[BlackTitle "GM"]
[WhiteElo "2631"]
[BlackElo "2508"]
[WhiteFideId "4160258"]
[BlackFideId "1115120"]
[EventDate "2025.12.27"]

1. e4 c6 2. d4 d5 3. e5 c5 4. dxc5 e6 5. Bd3 Nc6 6. Nf3 Bxc5 7. O-O f6 8. exf6
Nxf6 9. c4 dxc4 10. Bxc4 Qxd1 11. Rxd1 Ne4 12. Rf1 Nd4 13. Nbd2 Nxf3+ 14. Nxf3
Bd7 15. Bf4 O-O 16. Be3 Bxe3 17. fxe3 Rac8 18. Rac1 b5 19. Be2 a6 20. Ne5 Rxf1+
21. Rxf1 Nf6 22. Bf3 Rc5 23. Nd3 Rc2 24. Rf2 Rc4 25. Rd2 Kf8 26. Ne5 Rc1+ 27.
Kf2 Ke7 28. h4 Rc5 29. Nd3 Rc4 30. e4 Bc6 31. Ne5 Rc5 32. Nd3 Rc4 33. Ne5 Rc5
34. Nd3 1/2-1/2

[Event "53rd Rilton Cup 2025-26"]
[Site "Stockholm SWE"]
[Date "2026.01.05"]
[Round "9.3"]
[White "Das, Sayantan"]
[Black "Dai, Changren"]
[Result "0-1"]
[WhiteTitle "GM"]
[BlackTitle "GM"]
[WhiteElo "2434"]
[BlackElo "2551"]
[WhiteFideId "5034426"]
[BlackFideId "8608156"]
[EventDate "2025.12.27"]

1. e4 e5 2. Nf3 Nc6 3. Bb5 a6 4. Ba4 Nf6 5. O-O d6 6. c3 Bd7 7. d4 g6 8. Re1 Bg7
9. h3 O-O 10. Bc2 Re8 11. Nbd2 a5 12. dxe5 Nxe5 13. Nxe5 Rxe5 14. Nf3 Re8 15.
Bg5 h6 16. Bh4 Bc6 17. Nd4 g5 18. Nxc6 bxc6 19. Bg3 Nd7 20. Rb1 Be5 21. Re3 Re6
22. Ba4 Ra6 23. Bxe5 Nxe5 24. b4 Qf6 25. Rg3 Qf4 26. Qe2 Ra8 27. bxa5 Rxa5 28.
Rb8+ Kg7 29. Bb3 Re7 30. Rc8 Qc1+ 31. Kh2 Rc5 32. h4 Ng6 33. hxg5 Rxg5 34. Rxg5
hxg5 35. Qf3 d5 36. exd5 Re1 37. d6 Ne5 38. Qf5 Rh1+ 39. Kg3 Qxc3+ 0-1

[Event "53rd Rilton Cup 2025-26"]
[Site "Stockholm SWE"]
[Date "2026.01.05"]
[Round "9.4"]
[White "Li, Di"]
[Black "Xie, Kaifan"]
[Result "1/2-1/2"]
[WhiteTitle "GM"]
[BlackTitle "IM"]
[WhiteElo "2549"]
[BlackElo "2426"]
[WhiteFideId "8607508"]
[BlackFideId "8619107"]
[EventDate "2025.12.27"]

1. Nf3 Nf6 2. g3 d5 3. Bg2 c5 4. O-O g6 5. d4 cxd4 6. Nxd4 Bg7 7. Nb3 Nc6 8. Nc3
e6 9. a4 O-O 10. a5 d4 11. Ne4 Nxe4 12. Bxe4 Qc7 13. Qd3 Bd7 14. Qc4 Rac8 15.
Bd2 Qe5 16. Qd3 Qc7 17. c3 Ne5 18. Qc2 Ng4 19. Rfc1 dxc3 20. bxc3 Bc6 21. Nd4
Bxe4 22. Qxe4 Nf6 23. Qf3 e5 24. Nc2 Rfd8 25. Be1 e4 26. Qe3 Qc5 27. Qxc5 Rxc5
28. Ra4 Nd5 29. Rd1 Rdc8 30. c4 Nc3 31. Bxc3 Bxc3 32. a6 bxa6 33. Rxa6 Ra5 1/2-1/2